| 000 | 00586nam a2200181 i 4500 | ||
|---|---|---|---|
| 001 | 139672 | ||
| 003 | ES-MaACL | ||
| 005 | 20230906195853.0 | ||
| 007 | t| | ||
| 008 | 070214s1980 sp r ||||1| spa d | ||
| 100 | 1 |
_aSchiavo, Leda. _9104333 |
|
| 245 | 1 | 0 |
_aHistoria y novela en Valle-Inclán _b: para leer `El ruedo ibérico` / _cLeda Schiavo. |
| 260 |
_aMadrid : _bCastalia, _c1980. |
||
| 300 |
_a386 p. ; _c18 cm. |
||
| 600 | 1 | 4 |
_aValle-Inclán, Ramón del, _d1866-1936- _xCrítica e interpretación _9112800 |
| 852 |
_aES-MaACL _jE-5449 _bR.100761 |
||
| 999 |
_c139672 _d139672 |
||